| 000 | 00482nam a2200145 i 4500 | ||
|---|---|---|---|
| 001 | 67806 | ||
| 003 | ES-MaACL | ||
| 005 | 20230906170142.0 | ||
| 007 | t| | ||
| 008 | 040205s1909 ag ||||1| spa d | ||
| 100 | 1 |
_aGallardo, Angel. _953477 |
|
| 245 | 1 | 0 |
_aRecientes contribuciones matemáticas al estudio de las leyes de la herencia biológica / _cAngel Gallardo. |
| 260 |
_aBuenos Aires : _b[s.n., _c1909] ( _fConi Hermanos) |
||
| 852 |
_aES-MaACL _j1592-F-12 |
||
| 999 |
_c67806 _d67806 |
||